Terapia de grupo en niños. Una alternativa de crecimiento emocional
Uloženo v:
| Hlavní autor: | |
|---|---|
| Další autoři: | , |
| Médium: | Kniha |
| Jazyk: | angličtina |
| Vydáno: |
Santiago, Chile:
Ediciones UC; Pontificia Universidad Católica de Chile,
2013
|
| Vydání: | Primera edición |
| Témata: | |
| Tagy: |
Přidat tag
Žádné tagy, Buďte první, kdo vytvoří štítek k tomuto záznamu!
|
MARC
| LEADER | 00000nam a22000007a 4500 | ||
|---|---|---|---|
| 003 | CL-VaPUC | ||
| 005 | 20230412161943.0 | ||
| 008 | 230405b2013 ||||| |||| 00| 0 eng d | ||
| 999 | |c 440475 |d 440473 | ||
| 020 | |a 978-956-14-1402-0 | ||
| 040 | |c Pontificia Universidad Católica de Valparaíso | ||
| 082 | 0 | 4 | |2 21 |a 616.89152 GAZ 2013 |
| 100 | 1 | |a Gazmuri Mujica, María Verónica |e autora |9 881198 | |
| 245 | 1 | 0 | |a Terapia de grupo en niños. |b Una alternativa de crecimiento emocional |
| 250 | |a Primera edición | ||
| 260 | |a Santiago, Chile: |b Ediciones UC; |b Pontificia Universidad Católica de Chile, |c 2013 | ||
| 300 | |a 286 páginas | ||
| 583 | |c 20230405 |k Valeria Valenzuela | ||
| 650 | 1 | |a Psicoterapia de grupo |9 312200 | |
| 650 | 1 | |a Psicoterapia infantil |9 309790 | |
| 650 | 1 | |a Interacción social en niños |9 869539 | |
| 700 | |a Milicic Müller, Neva |e autora |9 881199 | ||
| 700 | |a Álamos V., Pilar |9 881200 | ||
| 942 | |2 ddc |c BK | ||
| 952 | |0 0 |1 0 |2 ddc |4 0 |6 616_891520000000000_GAZ_2013 |7 0 |9 589423 |a BIBGIM |b BIBGIM |d 2023-04-05 |e Reposición |i 5656948 |l 1 |m 2 |o 616.89152 GAZ 2013 |p 5656948 |r 2025-01-15 |s 2023-04-18 |t 1 |w 2023-04-05 |y BK |k SSL | ||